| 000 | 00838nam a2200229Ia 4500 | ||
|---|---|---|---|
| 003 | GCL | ||
| 008 | 140319s9999 xx 000 0 ara d | ||
| 020 | _a4595902977 | ||
| 040 |
_aGCL / _cGCL |
||
| 082 | 0 | 4 |
_a189.1 _bر ت |
| 100 | 1 | _aابن رشد : ابوالوليد محمد بن احمد بن محمد الاندلسى القرطبى | |
| 245 | 1 | 0 |
_aتهافت التهافت / _cابن رشد : ابوالوليد محمد بن احمد بن محمد الاندلسى القرطبى |
| 250 | _aالرابعة | ||
| 300 |
_a2 مج ؛ _c24 سم |
||
| 490 |
_aذخائر العرب _v37 |
||
| 650 | 0 | 4 | _aالفلسفة الاسلامية |
| 650 | 0 | 4 | _aالحركات الفكرية عند المسلمين |
| 650 | 0 | 4 | _aالفلاسفة المسلمون |
| 650 | 0 | 4 | _aالغزالى |
| 650 | 0 | 4 | _aبن رشد |
| 942 |
_2ddc _cBK |
||
| 999 |
_c6235 _d6235 |
||